Zacílit na generaci Y se vyplácí

Generácia Y a čo si pod tým predstaviť. Tento nový fenomén vstupuje do popredia záujmov personalistov. Prístup zamestnávateľov k náboru talentov s nástupom generácie Y na trh.

Gespeichert in:
Bibliographische Detailangaben
1. Verfasser: Hamill, Mark
Format: Buchkapitel
Sprache:Tschechisch
Schlagworte:
Tags: Tag hinzufügen
Keine Tags, Fügen Sie das erste Tag hinzu!

MARC

LEADER 00000naa a2200000 4500
001 0123821
005 20231113132239.7
041 0 |a cze 
044 |a CZ 
245 1 0 |a Zacílit na generaci Y se vyplácí  |c Mark Hamill 
520 |a Generácia Y a čo si pod tým predstaviť. Tento nový fenomén vstupuje do popredia záujmov personalistov. Prístup zamestnávateľov k náboru talentov s nástupom generácie Y na trh. 
610 2 0 |a trh práce 
610 2 0 |a mladiství 
610 2 0 |a výkonnosť 
610 2 0 |a talenty 
610 2 0 |a nábor pracovníkov 
610 2 0 |a manažment personálny 
100 1 |a Hamill, Mark